| 000 | 00918nam0a2200253 4500 | ||
|---|---|---|---|
| 001 | RU\NLR\BIBL_A\022358870 | ||
| 005 | 20250625195023.0 | ||
| 035 | _a(NLR Aleph) 022358870 | ||
| 090 |
_a13326860 _c13326860 |
||
| 100 | _a20241021d1963 |||y0rusy50 ca | ||
| 101 | 0 |
_aaze _crus |
|
| 102 | _aAZ | ||
| 105 | _aa z 000 y | ||
| 200 | 1 |
_aТригонометриjа мәсәләләри _eорта мәктәбин 9-10-ҹу синифләри үчүн _fП. В. Стратилатов |
|
| 205 | _a6-ҹы нәшр. | ||
| 210 |
_aБакы _cАзәртәдриснәшр _d1963 |
||
| 215 |
_a118, [2]c. _cил. _d21 |
||
| 541 | 1 |
_aСборник задач по тригонометрии _eдля 9-10 кл. ср. шк. _zrus |
|
| 686 | 1 | _aВ15я72 | |
| 700 | 1 |
_aСтратилатов _bП.В. _gПетр Валентинович _4070 |
|
| 852 |
_aNLR _bОНЛ _jАзерб./3-7111 |
||
| 942 | _cBOOK | ||
| 980 | _aNB | ||